000 00541nam a2200217Ia 4500
003 OSt
005 20250726113240.0
008 210423s1996 xx 000 0 und d
020 _a9780747528302
040 _cAL
041 _aeng
082 _a150
_bGOLE
100 _aDaniel Goleman
_9118362
245 _aEmotional intelligence
260 _aLondon
_bBloomsbury Publishing
_c1996
365 _b295
_cINR
650 _aPhilosophy
_9118363
650 _aPsychology
_9118364
906 _aEmotional ; intelligence
942 _2ddc
_cBK
999 _c175595
_d175595